000 00272nam a22001217a 4500
008 181001b xxu||||| |||| 00| 0 eng d
041 _aeng
080 _a316
100 _a50
101 _aSOC
245 _aCognitive Behavior Modification
_cDonald.M
942 _2udc
_cBK
999 _c48705
_d48705